El principio esperanza /

Ernst Bloch (1885-1977), filósofo alemán, elabora un análisis totalizador sobre las dimensiones del hombre como ente abierto a la realidad, inacabado, en proceso de cambio; y lo traza desde la existencia misma de este ser, y no desde una posición apriorística. Plantea su análisis a partir una fenome...

Szczegółowa specyfikacja

Zapisane w:
Opis bibliograficzny
1. autor: Bloch, Ernst (autor)
Kolejni autorzy: González Vicén, Felipe (traducción) (traducción)
Format: Książka
Język:hiszpański
Wydane: Madrid, España : Aguilar, 1977, c1977
Seria:(Biblioteca Filosófica Aguilar)
Hasła przedmiotowe:
Etykiety: Dodaj etykietę
Nie ma etykietki, Dołącz pierwszą etykiete!

MARC

LEADER 00000nam^a2200000^a^4500
001 000170453
005 20250521000000.0
009 20260310101310.703
020 |a 84-03-51013-6 
020 |a 84-03-51997-4 
037 |a Acervo ITESO - Biblioteca 
041 |a ESP 
082 |a 128.  |b BLO V. 1 
100 |a Bloch, Ernst  |e (autor) 
240 1 4 |a [El principio esperanza] 
245 1 3 |a El principio esperanza /  |c E. Bloch ; tr. por F. González Vicén. 
264 4 |a Madrid, España :  |b Aguilar,  |c 1977, c1977 
300 |a 515 p. 
336 |a texto  |b txt  |2 rdacontenido 
337 |a sin mediación  |b n  |2 rdamedio 
338 |a volumen  |b nc  |2 rdasoporte 
440 1 |a (Biblioteca Filosófica Aguilar) 
500 |a Traducción de: Das Prinzip Hoffnung 
520 |a Ernst Bloch (1885-1977), filósofo alemán, elabora un análisis totalizador sobre las dimensiones del hombre como ente abierto a la realidad, inacabado, en proceso de cambio; y lo traza desde la existencia misma de este ser, y no desde una posición apriorística. Plantea su análisis a partir una fenomenología de los estados utópicos de la conciencia del hombre. Desde allí, bosquejará diversas circunstancias que atañen a su realización en marcha y a su humanización. La obra consta de tres volúmenes. 
649 |a XX 
650 |a Esperanza -  |x Filosofía 
650 |a Utopía 
650 |a Ideología 
650 |a Pulsiones 
650 |a Identidad Personal 
650 |a Sociedad -  |x Filosofía 
650 |a Socialismo 
650 |a Capitalismo 
650 |a Ontología 
650 |a Realidad 
650 |a Antropología Filosófica -  |x Tema Principal 
650 |a Estética 
650 |a Etica 
650 |a Filosofía de la Praxis 
650 |a Marxismo 
650 |a Filosofía del Siglo XX 
700 |a González Vicén, Felipe  |e (traducción) 
910 |a Fondo Armando Suárez Gómez 
920 |a Impresos - Libros 
930 |a Fondos Especiales 
905 |a 111 
901 |a 0700000991  |b IT2  |c ESP  |u 20250521 
902 |a https://opac.biblio.iteso.mx/vufind/Record/000170453